| 000 | 01202nam a2200289 i 4500 | ||
|---|---|---|---|
| 003 | EG-ScBUE | ||
| 005 | 20240102102446.0 | ||
| 008 | 120411s2005 ua af 000 1 ara d | ||
| 017 | _a2005 / 10713 | ||
| 020 | _a9772794454 | ||
| 040 |
_aEG-ScBUE _bara _erda _cEG-ScBUE _dEG-ScBUE |
||
| 043 | _af-ua--- | ||
| 082 | 0 | 4 |
_a956.04862 _bم ن ظ _222 |
| 100 | 1 |
_929640 _aمنظور، فاروق، _eمؤلف. |
|
| 245 | 1 | 2 |
_aالصدمة : _bوغربت لتشرق من جديد : بطولات وتضحيات : قصة واقعية .. وقعت أحداثها الحربية بالفعل خلال حرب 1973 / _cلواء أركان حرب فاروق منظور. |
| 250 | _aالطبعة الأولى. | ||
| 264 | 1 |
_aالقاهرة : _bدار الأمين للنشر والتوزيع، _c2005. |
|
| 300 |
_a269 صفحة ؛ _c22 سم |
||
| 336 |
_2rdacontent _aنص _btxt |
||
| 337 |
_aبدون وسيط _2rdamedia _bn |
||
| 338 |
_aمجلد _bnc _2rdacarrier |
||
| 650 | 7 |
_914953 _aحرب أكتوبر 1973م _zمصر. _2BUEsh |
|
| 651 | 7 |
_2BUEsh _aمصر _xتاريخ _yالعصر الحديث _yأنور السادات (1970-1981). |
|
| 653 | _cApril2012 | ||
| 655 | _vReading book | ||
| 942 |
_2ddc _cBB |
||
| 999 |
_c16649 _d16649 |
||